[Event "Tradewise Gibraltar Masters 16th"]
[Site "Gibraltar"]
[Date "2018.01.31"]
[Round "9.72"]
[White "Tarjan, James"]
[Black "Gara, Ticia"]
[Result "0-1"]
[WhiteElo "2432"]
[BlackElo "2331"]
[PlyCount "104"]
[EventDate "2018.01.23"]
[EventType "swiss"]
[EventRounds "10"]
[EventCountry "GGB"]
[SourceTitle "BritBase"]
[Source "www.saund.co.uk"]
[SourceDate "2018.02.10"]
[SourceVersion "1"]
[SourceVersionDate "2018.02.10"]
[SourceQuality "1"]

1. c4 c5 2. g3 Nc6 3. Bg2 g6 4. Nc3 Bg7 5. Nf3 e6 6. d3 Nge7 7. Bg5 h6 8. Bd2
O-O 9. Rb1 d5 10. Qc1 Kh7 11. O-O b6 12. a3 a5 13. Qc2 Ba6 14. Na4 Rb8 15. Rfc1
Qd6 16. cxd5 Nxd5 17. Nc3 Nde7 18. Qa4 f5 19. Qh4 Nd4 20. Bg5 Rbe8 21. a4 Nec6
22. Nxd4 Nxd4 23. Rd1 Rf7 24. Rbc1 Bb7 25. Bxb7 Rxb7 26. Be3 e5 27. Qh3 Rd7 28.
Qg2 Qe6 29. Rb1 Red8 30. Qf1 Qb3 31. Rdc1 Nc6 32. Qd1 Qe6 33. Qf1 Qb3 34. Qd1
Qf7 35. Qf1 f4 36. Bd2 f3 37. Be3 fxe2 38. Qxe2 Rxd3 39. Rd1 Rxd1+ 40. Rxd1 Nd4
41. Qg4 h5 42. Qe4 Ne2+ 43. Nxe2 Rxd1+ 44. Kg2 Qd5 45. Qxd5 Rxd5 46. Nc3 Rd8
47. Kf3 Bh6 48. Ke2 Bxe3 49. fxe3 Kg7 50. Ne4 Kf7 51. Nd2 Ke6 52. Nc4 e4 0-1

[Event "Tradewise Gibraltar Masters 16th"]
[Site "Gibraltar"]
[Date "2018.01.31"]
[Round "9.73"]
[White "Swayams, Mishra"]
[Black "De Francesco, Klaus"]
[Result "1/2-1/2"]
[WhiteElo "2432"]
[BlackElo "2287"]
[PlyCount "117"]
[EventDate "2018.01.23"]
[EventType "swiss"]
[EventRounds "10"]
[EventCountry "GGB"]
[SourceTitle "BritBase"]
[Source "www.saund.co.uk"]
[SourceDate "2018.02.10"]
[SourceVersion "1"]
[SourceVersionDate "2018.02.10"]
[SourceQuality "1"]

1. Nf3 Nf6 2. c4 e6 3. Nc3 d5 4. d4 a6 5. cxd5 exd5 6. Bg5 Be7 7. e3 O-O 8. Bd3
Be6 9. Qc2 Nbd7 10. O-O h6 11. Bh4 c5 12. dxc5 Nxc5 13. Bf5 Nfe4 14. Bxe7 Qxe7
15. Bxe4 dxe4 16. Nxe4 Rac8 17. Nxc5 Rxc5 18. Qd2 Rd8 19. Nd4 Qh4 20. f3 Rh5
21. g3 Qf6 22. Qf2 Rhd5 23. Rfd1 g5 24. Rd2 Qe5 25. Rad1 g4 26. a3 h5 27. e4
R5d6 28. Qe3 Qc5 29. b4 Qb6 30. Kf2 gxf3 31. Nxf3 Rxd2+ 32. Rxd2 Rxd2+ 33. Nxd2
Qb5 34. Nf3 Qa4 35. Nd4 Bg4 36. Kg2 Qd1 37. e5 Kh7 38. Qf2 Kg8 39. h3 Bd7 40.
Kh2 b6 41. Nf5 Bxf5 42. Qxf5 Qd2+ 43. Kg1 Qc1+ 44. Kg2 Qxa3 45. Qg5+ Kf8 46.
Qh6+ Kg8 47. Qg5+ Kf8 48. Qd8+ Kg7 49. Qf6+ Kg8 50. Qd8+ Kg7 51. Qf6+ Kg8 52.
Qxb6 Qb2+ 53. Kf3 Qxe5 54. Qxa6 Qc3+ 55. Kf4 Qxb4+ 56. Kg5 Qc5+ 57. Kh6 Qe3+
58. Kxh5 Qxg3 59. Qc8+ 1/2-1/2

[Event "Tradewise Gibraltar Masters 16th"]
[Site "Gibraltar"]
[Date "2018.01.31"]
[Round "9.74"]
[White "Mohota, Nisha"]
[Black "Wemmers, Xander"]
[Result "1/2-1/2"]
[WhiteElo "2269"]
[BlackElo "2430"]
[PlyCount "146"]
[EventDate "2018.01.23"]
[EventType "swiss"]
[EventRounds "10"]
[EventCountry "GGB"]
[SourceTitle "BritBase"]
[Source "www.saund.co.uk"]
[SourceDate "2018.02.10"]
[SourceVersion "1"]
[SourceVersionDate "2018.02.10"]
[SourceQuality "1"]

1. e4 e5 2. Nf3 Nc6 3. Bc4 Nf6 4. d3 Be7 5. O-O O-O 6. Re1 d6 7. a4 Na5 8. Ba2
c5 9. c3 Nc6 10. Na3 a6 11. Bd2 h6 12. h3 Re8 13. Nc2 Bf8 14. Ne3 Rb8 15. b4
cxb4 16. cxb4 b5 17. axb5 axb5 18. Qc2 Bd7 19. Bb3 Rc8 20. Qa2 Be6 21. Nd5 Rb8
22. Rec1 Qd7 23. Rc2 Bxd5 24. Bxd5 Nxd5 25. Qxd5 Ne7 26. Nxe5 Nxd5 27. Nxd7 Rb7
28. exd5 Rxd7 29. Ra5 Rb7 30. Be3 f5 31. Bd4 Re1+ 32. Kh2 Rd1 33. Ra3 f4 34. g3
Rf7 35. g4 f3 36. Be3 Rb1 37. Bd2 Be7 38. Rc1 Rb2 39. Be1 Bg5 40. Rd1 Re2 41.
d4 Rfe7 42. Raa1 Bh4 43. Kg1 Rb2 44. Ra8+ Kh7 45. Ra3 Rxe1+ 46. Rxe1 Bxf2+ 47.
Kf1 Bxe1 48. Kxe1 f2+ 49. Kf1 Rxb4 50. Ra6 Rxd4 51. Rxd6 Rd2 52. Rd8 Kg6 53.
Rb8 Rxd5 54. Kxf2 Kf6 55. Rb7 h5 56. gxh5 Rxh5 57. Rb6+ Kf7 58. Rb7+ Kg6 59.
Rb6+ Kh7 60. Kg3 Rc5 61. h4 g6 62. Rb7+ Kh6 63. Kg4 Rc4+ 64. Kh3 Rb4 65. Kg3
Rb1 66. Kg4 b4 67. Rb5 Kg7 68. Kg5 Rg1+ 69. Kf4 Rf1+ 70. Kg4 Rg1+ 71. Kf4 Kh6
72. Rxb4 Kh5 73. Kf3 Ra1 1/2-1/2

[Event "Tradewise Gibraltar Masters 16th"]
[Site "Gibraltar"]
[Date "2018.01.31"]
[Round "9.75"]
[White "Ladron De Guevara Pinto, Paolo"]
[Black "Merario Alarcon, Andres"]
[Result "0-1"]
[WhiteElo "2427"]
[BlackElo "2298"]
[PlyCount "52"]
[EventDate "2018.01.23"]
[EventType "swiss"]
[EventRounds "10"]
[EventCountry "GGB"]
[SourceTitle "BritBase"]
[Source "www.saund.co.uk"]
[SourceDate "2018.02.10"]
[SourceVersion "1"]
[SourceVersionDate "2018.02.10"]
[SourceQuality "1"]

1. e4 c5 2. Nf3 g6 3. d4 cxd4 4. Nxd4 Nc6 5. Nc3 Bg7 6. Be3 Nf6 7. Bc4 O-O 8.
Bb3 Re8 9. f3 e6 10. f4 d6 11. Nf3 b5 12. a3 a5 13. Nd2 Ba6 14. a4 bxa4 15.
Bxa4 Rc8 16. Qf3 d5 17. e5 d4 18. Bxc6 dxe3 19. Nb3 Re7 20. Ba4 Qb6 21. O-O-O
Bb7 22. Qh3 Ne4 23. Nxe4 Rxc2+ 24. Kb1 Bxe4 25. Ka1 Rc4 26. Qxh7+ Kxh7 0-1

[Event "Tradewise Gibraltar Masters 16th"]
[Site "Gibraltar"]
[Date "2018.01.31"]
[Round "9.76"]
[White "Vega Gutierrez, Sabrina"]
[Black "Meszaros, Andras"]
[Result "1-0"]
[WhiteElo "2427"]
[BlackElo "2258"]
[PlyCount "123"]
[EventDate "2018.01.23"]
[EventType "swiss"]
[EventRounds "10"]
[EventCountry "GGB"]
[SourceTitle "BritBase"]
[Source "www.saund.co.uk"]
[SourceDate "2018.02.10"]
[SourceVersion "1"]
[SourceVersionDate "2018.02.10"]
[SourceQuality "1"]

1. e4 e5 2. Nf3 Nc6 3. Bc4 Nf6 4. d3 Be7 5. O-O O-O 6. Re1 d6 7. a4 h6 8. Nc3
Be6 9. Nd5 Bxd5 10. exd5 Nb8 11. d4 c6 12. dxe5 dxe5 13. Nxe5 cxd5 14. Bd3 Nc6
15. Nxc6 bxc6 16. Bd2 Rb8 17. b3 Bb4 18. c3 Bd6 19. Bc2 Qc7 20. g3 Qd7 21. Qf3
Qg4 22. Qd3 Qh3 23. Be3 c5 24. Rad1 Rfd8 25. Qf1 Qxf1+ 26. Kxf1 Rb7 27. h3 Re8
28. Kg2 Rc7 29. Kf3 Rb8 30. g4 Re8 31. Re2 Be5 32. Bd2 Kf8 33. Rde1 Bd6 34.
Rxe8+ Nxe8 35. h4 Rb7 36. Be3 Nc7 37. h5 Rb8 38. Rd1 Ke7 39. g5 hxg5 40. Bxg5+
Kd7 41. Be3 Kc6 42. a5 Rh8 43. Rg1 Ne6 44. Kg4 Rb8 45. f4 d4 46. cxd4 cxd4 47.
Bc1 Nc5 48. Bb2 d3 49. Bd1 Bf8 50. Kf3 f6 51. Ba3 Ne6 52. Bxf8 Rxf8 53. Ke3 Rd8
54. Rg6 Nd4 55. Kd2 Nf5 56. Bg4 Nd4 57. Kxd3 Nxb3+ 58. Kc3 Nxa5 59. Rxg7 Kd6
60. h6 Nc6 61. Rd7+ Rxd7 62. Bxd7 1-0

[Event "Tradewise Gibraltar Masters 16th"]
[Site "Gibraltar"]
[Date "2018.01.31"]
[Round "9.77"]
[White "Yoo, Christopher Woojin"]
[Black "Solomon, Kenny"]
[Result "1/2-1/2"]
[WhiteElo "2254"]
[BlackElo "2420"]
[PlyCount "107"]
[EventDate "2018.01.23"]
[EventType "swiss"]
[EventRounds "10"]
[EventCountry "GGB"]
[SourceTitle "BritBase"]
[Source "www.saund.co.uk"]
[SourceDate "2018.02.10"]
[SourceVersion "1"]
[SourceVersionDate "2018.02.10"]
[SourceQuality "1"]

1. e4 e5 2. Nf3 Nc6 3. Bb5 a6 4. Ba4 Nf6 5. O-O Be7 6. d3 d6 7. c3 O-O 8. Nbd2
b5 9. Bc2 Nb8 10. d4 Nbd7 11. Re1 Re8 12. Nf1 Bf8 13. Ng3 g6 14. a4 Bb7 15. h3
c5 16. d5 c4 17. Be3 Qc7 18. Qd2 Reb8 19. Bh6 Qd8 20. Bxf8 Qxf8 21. Qe2 Nc5 22.
Nd2 Qh6 23. Ra2 Nfd7 24. Ngf1 Nb6 25. Ne3 Bc8 26. Rea1 Qg5 27. Nf3 Qe7 28. Nd2
Bd7 29. axb5 axb5 30. Rxa8 Rxa8 31. Rxa8+ Nxa8 32. Qd1 Nb6 33. Qa1 Nba4 34. b3
cxb3 35. Nxb3 Nb7 36. Nc1 Qg5 37. c4 Nac5 38. cxb5 Bxb5 39. Qb1 Bd7 40. Nd3 Qd8
41. Nxc5 Nxc5 42. Nc4 Qc7 43. Qb4 Kg7 44. Ne3 Qb7 45. Qc3 f6 46. Nc4 Qa6 47.
Kh2 Bb5 48. Ne3 Be2 49. Qd2 Qb5 50. Qc3 Qb6 51. Qd2 Qb5 52. Qc3 Kf7 53. Qd2 Kg7
54. Qc3 1/2-1/2

[Event "Tradewise Gibraltar Masters 16th"]
[Site "Gibraltar"]
[Date "2018.01.31"]
[Round "9.78"]
[White "Nandhidhaa, PV."]
[Black "Wallace, John Paul"]
[Result "1-0"]
[WhiteElo "2238"]
[BlackElo "2415"]
[PlyCount "77"]
[EventDate "2018.01.23"]
[EventType "swiss"]
[EventRounds "10"]
[EventCountry "GGB"]
[SourceTitle "BritBase"]
[Source "www.saund.co.uk"]
[SourceDate "2018.02.10"]
[SourceVersion "1"]
[SourceVersionDate "2018.02.10"]
[SourceQuality "1"]

1. e4 e5 2. Nf3 Nc6 3. Bb5 a6 4. Ba4 Nf6 5. d3 b5 6. Bb3 Bc5 7. Nc3 d6 8. Bg5
h6 9. Bh4 Na5 10. Nd5 Nxb3 11. Nxf6+ gxf6 12. axb3 Rg8 13. Rg1 Bg4 14. h3 Bd7
15. Qd2 Rg6 16. g4 Qe7 17. Bg3 Qf8 18. Nh4 Rg8 19. Nf5 h5 20. Bh4 hxg4 21. hxg4
Bxf5 22. exf5 Qg7 23. O-O-O Qh8 24. Bg3 Rxg4 25. Qe2 Rg8 26. d4 Bb6 27. dxe5
fxe5 28. Bxe5 dxe5 29. Rxg8+ Qxg8 30. Qxe5+ Kf8 31. Rh1 Re8 32. Qf6 Bxf2 33.
Rh8 Be3+ 34. Kb1 c5 35. Qh4 Qxh8 36. Qxh8+ Ke7 37. f6+ Kd7 38. Qh7 Rf8 39. Qh3+
1-0

[Event "Tradewise Gibraltar Masters 16th"]
[Site "Gibraltar"]
[Date "2018.01.31"]
[Round "9.79"]
[White "Shachar, Ehud"]
[Black "Mannion, Stephen R"]
[Result "1-0"]
[WhiteElo "2401"]
[BlackElo "2285"]
[PlyCount "75"]
[EventDate "2018.01.23"]
[EventType "swiss"]
[EventRounds "10"]
[EventCountry "GGB"]
[SourceTitle "BritBase"]
[Source "www.saund.co.uk"]
[SourceDate "2018.02.10"]
[SourceVersion "1"]
[SourceVersionDate "2018.02.10"]
[SourceQuality "1"]

1. b3 d5 2. Bb2 Nf6 3. e3 g6 4. Nf3 Bg7 5. c4 c6 6. Be2 O-O 7. O-O Bg4 8. h3
Bxf3 9. Bxf3 Re8 10. d4 e6 11. Nc3 Nbd7 12. Qc2 a6 13. a4 Rc8 14. Rad1 Qe7 15.
e4 dxe4 16. Nxe4 Nxe4 17. Bxe4 e5 18. d5 f5 19. dxc6 bxc6 20. Bf3 e4 21. Be2
Bxb2 22. Qxb2 Ne5 23. c5 Qxc5 24. Bxa6 Rb8 25. Be2 Qb4 26. Qa1 Qxb3 27. Rb1 Qd5
28. a5 Ra8 29. a6 f4 30. Rfd1 Qe6 31. Rb7 f3 32. gxf3 exf3 33. Bf1 Qf6 34. a7
Rf8 35. Re1 Qg5+ 36. Kh1 Rfe8 37. Qa5 h6 38. Qc7 1-0

[Event "Tradewise Gibraltar Masters 16th"]
[Site "Gibraltar"]
[Date "2018.01.31"]
[Round "9.80"]
[White "Martinez Martin, David"]
[Black "Lercel, Michal"]
[Result "1-0"]
[WhiteElo "2399"]
[BlackElo "2252"]
[PlyCount "87"]
[EventDate "2018.01.23"]
[EventType "swiss"]
[EventRounds "10"]
[EventCountry "GGB"]
[SourceTitle "BritBase"]
[Source "www.saund.co.uk"]
[SourceDate "2018.02.10"]
[SourceVersion "1"]
[SourceVersionDate "2018.02.10"]
[SourceQuality "1"]

1. d4 Nf6 2. c4 g6 3. Nc3 Bg7 4. e4 d6 5. h3 O-O 6. Be3 c5 7. d5 e6 8. Bd3 exd5
9. exd5 Na6 10. Nf3 Nc7 11. a4 Na6 12. O-O Nb4 13. Bb1 b6 14. Qd2 Ba6 15. Nb5
Re8 16. Bh6 Bxb5 17. axb5 Ne4 18. Bxe4 Rxe4 19. Bxg7 Kxg7 20. b3 Qf6 21. Rfe1
Rxe1+ 22. Rxe1 a6 23. bxa6 Rxa6 24. Re8 Ra1+ 25. Kh2 Ra2 26. Qg5 Qxg5 27. Nxg5
Rxf2 28. Rb8 Nc2 29. Ne4 Re2 30. Nxd6 Ne1 31. Kg1 Nxg2 32. Kf1 Rd2 33. Rb7 Nh4
34. Rxf7+ Kg8 35. Rf4 g5 36. Rf2 Rd3 37. Nc8 Rxb3 38. d6 Rd3 39. Ne7+ Kg7 40.
Nd5 Ra3 41. d7 Ra1+ 42. Ke2 Ra8 43. Nc7 Ra2+ 44. Ke3 1-0

[Event "Tradewise Gibraltar Masters 16th"]
[Site "Gibraltar"]
[Date "2018.01.31"]
[Round "9.82"]
[White "Batchimeg, Tuvshintugs"]
[Black "Plotkin, Victor"]
[Result "1-0"]
[WhiteElo "2398"]
[BlackElo "2242"]
[PlyCount "135"]
[EventDate "2018.01.23"]
[EventType "swiss"]
[EventRounds "10"]
[EventCountry "GGB"]
[SourceTitle "BritBase"]
[Source "www.saund.co.uk"]
[SourceDate "2018.02.10"]
[SourceVersion "1"]
[SourceVersionDate "2018.02.10"]
[SourceQuality "1"]

1. d4 Nf6 2. c4 e6 3. Nc3 Bb4 4. e3 O-O 5. a3 Bxc3+ 6. bxc3 b6 7. Bd3 d5 8.
cxd5 exd5 9. Ne2 Ba6 10. O-O Bxd3 11. Qxd3 Re8 12. f3 c5 13. Ng3 Nc6 14. Ra2
Qd7 15. Raf2 Rad8 16. Bb2 Re6 17. Rd1 Qe8 18. Re2 Red6 19. Qd2 R6d7 20. Qe1 Na5
21. e4 dxe4 22. Nxe4 Nxe4 23. Rxe4 Qf8 24. d5 b5 25. a4 a6 26. axb5 axb5 27.
Bc1 Nc4 28. Bf4 Nb2 29. Rd2 f5 30. Ree2 Nc4 31. Rd1 h6 32. h4 Kh7 33. d6 Qf7
34. Re6 Nb2 35. Rd2 Nc4 36. Rd1 Nb2 37. Rd2 Nc4 38. Rd5 Rc8 39. Kh2 Rb7 40. Qe2
Rd7 41. Rd1 Rcd8 42. Kh3 Qf8 43. Re7 Qf6 44. Rxd7 Rxd7 45. Qe8 Nb6 46. Rb1 Rd8
47. Qc6 g5 48. Qxb6 gxf4 49. Qc7+ Qg7 50. Qxg7+ Kxg7 51. Rxb5 Rxd6 52. Rxc5 Kg6
53. g4 fxg3 54. Kxg3 Rd3 55. Kf4 Kh5 56. Rc6 Rd5 57. c4 Rd4+ 58. Kxf5 Kxh4 59.
Ke5 Rd1 60. Rxh6+ Kg5 61. Rh8 Re1+ 62. Kd6 Rd1+ 63. Kc6 Kf6 64. c5 Ke7 65. Kc7
Rf1 66. Rh3 Ke6 67. c6 Ke7 68. Kc8 1-0

[Event "Tradewise Gibraltar Masters 16th"]
[Site "Gibraltar"]
[Date "2018.01.31"]
[Round "9.83"]
[White "Spence, David J"]
[Black "Sukandar, Irine Kharisma"]
[Result "0-1"]
[WhiteElo "2127"]
[BlackElo "2387"]
[PlyCount "48"]
[EventDate "2018.01.23"]
[EventType "swiss"]
[EventRounds "10"]
[EventCountry "GGB"]
[SourceTitle "BritBase"]
[Source "www.saund.co.uk"]
[SourceDate "2018.02.10"]
[SourceVersion "1"]
[SourceVersionDate "2018.02.10"]
[SourceQuality "1"]

1. e4 e5 2. Nf3 Nc6 3. Bc4 Bc5 4. c3 Nf6 5. d3 O-O 6. O-O d6 7. Bg5 h6 8. Bh4
Bb6 9. Bb3 Be6 10. Nbd2 Ne7 11. Bxf6 gxf6 12. d4 Ng6 13. Re1 Kh7 14. Nf1 Rg8
15. Ng3 Nf4 16. Bxe6 fxe6 17. d5 Rg7 18. Qc2 Qg8 19. Kh1 Rg4 20. Rg1 exd5 21.
exd5+ Qg6 22. Nf5 Rg8 23. g3 Nh3 24. Kg2 Rf4 0-1

[Event "Tradewise Gibraltar Masters 16th"]
[Site "Gibraltar"]
[Date "2018.01.31"]
[Round "9.84"]
[White "Hapala, Elisabeth"]
[Black "Mkrtchian, Lilit"]
[Result "0-1"]
[WhiteElo "2097"]
[BlackElo "2378"]
[PlyCount "76"]
[EventDate "2018.01.23"]
[EventType "swiss"]
[EventRounds "10"]
[EventCountry "GGB"]
[SourceTitle "BritBase"]
[Source "www.saund.co.uk"]
[SourceDate "2018.02.10"]
[SourceVersion "1"]
[SourceVersionDate "2018.02.10"]
[SourceQuality "1"]

1. e4 g6 2. d4 Bg7 3. Nc3 d6 4. Be3 a6 5. Qd2 Nd7 6. h4 h5 7. Nh3 b5 8. Bd3 c5
9. dxc5 Nxc5 10. Ng5 Nf6 11. f3 Nfd7 12. Bxb5 axb5 13. Qd5 Bxc3+ 14. bxc3 Qa5
15. Qxf7+ Kd8 16. Qg7 Re8 17. O-O Bb7 18. Bd4 Kc7 19. Qxg6 e5 20. Bxc5 Nxc5 21.
Rfd1 Rad8 22. Qf7+ Kb6 23. c4 b4 24. Rxd6+ Rxd6 25. Qxe8 Nd7 26. Kh1 Qc5 27.
Qxh5 Qxc4 28. Nf7 Re6 29. Qf5 Bc6 30. Rd1 Qxa2 31. Nd8 Qxc2 32. Qxe6 Qxd1+ 33.
Kh2 Nb8 34. Nxc6 Nxc6 35. h5 b3 36. Qh6 b2 37. Qe3+ Kc7 38. h6 b1=Q 0-1

[Event "Tradewise Gibraltar Masters 16th"]
[Site "Gibraltar"]
[Date "2018.01.31"]
[Round "9.85"]
[White "Gavrilescu, David"]
[Black "Movileanu, Daniela"]
[Result "1-0"]
[WhiteElo "2437"]
[BlackElo "2163"]
[PlyCount "79"]
[EventDate "2018.01.23"]
[EventType "swiss"]
[EventRounds "10"]
[EventCountry "GGB"]
[SourceTitle "BritBase"]
[Source "www.saund.co.uk"]
[SourceDate "2018.02.10"]
[SourceVersion "1"]
[SourceVersionDate "2018.02.10"]
[SourceQuality "1"]

1. e4 c5 2. Nf3 d6 3. Bb5+ Nd7 4. d4 cxd4 5. Qxd4 a6 6. Be2 e5 7. Qe3 Ngf6 8.
c4 Be7 9. Nc3 O-O 10. O-O Qc7 11. h3 Nc5 12. b3 Bd7 13. Bb2 Rac8 14. Rac1 Qa5
15. Nd2 b5 16. a3 b4 17. axb4 Qxb4 18. Ra1 Qb7 19. Rfb1 Ra8 20. b4 Ne6 21. Bd1
Rfc8 22. Nd5 Nxd5 23. exd5 Nf4 24. Ba4 Bxa4 25. Rxa4 Bd8 26. Qe4 Qd7 27. Rba1
f5 28. Qf3 a5 29. c5 dxc5 30. Bxe5 Nxd5 31. bxa5 Qe8 32. Nc4 Bc7 33. Bxc7 Rxc7
34. Nb6 Nxb6 35. axb6 Rxa4 36. Rxa4 Rc8 37. b7 Rb8 38. Ra8 Qd8 39. Rxb8 Qxb8
40. Qc6 1-0

[Event "Tradewise Gibraltar Masters 16th"]
[Site "Gibraltar"]
[Date "2018.01.31"]
[Round "9.86"]
[White "Pigott, John C"]
[Black "Richards, Heather S"]
[Result "1/2-1/2"]
[WhiteElo "2418"]
[BlackElo "2223"]
[PlyCount "84"]
[EventDate "2018.01.23"]
[EventType "swiss"]
[EventRounds "10"]
[EventCountry "GGB"]
[SourceTitle "BritBase"]
[Source "www.saund.co.uk"]
[SourceDate "2018.02.10"]
[SourceVersion "1"]
[SourceVersionDate "2018.02.10"]
[SourceQuality "1"]

1. d4 d6 2. e4 Nf6 3. Nc3 c6 4. f4 Qa5 5. Bd3 e5 6. Nf3 Nbd7 7. O-O Be7 8. Kh1
O-O 9. Be3 Re8 10. Qd2 Qc7 11. a4 a6 12. a5 Bf8 13. Bc4 b5 14. axb6 Nxb6 15.
Bb3 exf4 16. Bxf4 Nxe4 17. Nxe4 Rxe4 18. Ng5 Re7 19. Nxf7 Rxf7 20. Bxf7+ Qxf7
21. Bxd6 Bf5 22. Bxf8 Rxf8 23. Qa5 Nc4 24. Qc3 Qd5 25. b3 Nd6 26. Rxa6 Be4 27.
Rxf8+ Kxf8 28. Ra8+ Kf7 29. Ra7+ Kf8 30. Qd2 Qf5 31. Qe2 Nb5 32. Ra8+ Kf7 33.
Ra1 Nxd4 34. Qd2 c5 35. Kg1 Qg4 36. Rf1+ Kg6 37. Kh1 Bxc2 38. b4 Qg5 39. Qxg5+
Kxg5 40. bxc5 Be4 41. Rf7 Ne6 42. Ra7 Kf6 1/2-1/2

[Event "Tradewise Gibraltar Masters 16th"]
[Site "Gibraltar"]
[Date "2018.01.31"]
[Round "9.87"]
[White "Stark, Lars"]
[Black "Midonet, Matthieu"]
[Result "1-0"]
[WhiteElo "2381"]
[BlackElo "2213"]
[PlyCount "63"]
[EventDate "2018.01.23"]
[EventType "swiss"]
[EventRounds "10"]
[EventCountry "GGB"]
[SourceTitle "BritBase"]
[Source "www.saund.co.uk"]
[SourceDate "2018.02.10"]
[SourceVersion "1"]
[SourceVersionDate "2018.02.10"]
[SourceQuality "1"]

1. c4 e5 2. g3 Nc6 3. Bg2 Nf6 4. Nc3 Bc5 5. a3 a6 6. e3 d6 7. Nge2 O-O 8. O-O
Bf5 9. d4 Ba7 10. d5 Ne7 11. h3 Qd7 12. Kh2 Ne8 13. e4 Bg6 14. g4 h5 15. Ng3
hxg4 16. hxg4 f6 17. Bh3 Kf7 18. Kg2 Rh8 19. Rh1 c6 20. g5 Rxh3 21. Rxh3 Nc7
22. gxf6 gxf6 23. Qf3 Rf8 24. Bh6 Rg8 25. Bg5 f5 26. Bxe7 Kxe7 27. Rah1 Rg7 28.
Rh6 fxe4 29. Ncxe4 Rf7 30. Rxg6 Rxf3 31. Rg7+ Rf7 32. Rxf7+ 1-0

[Event "Tradewise Gibraltar Masters 16th"]
[Site "Gibraltar"]
[Date "2018.01.31"]
[Round "9.88"]
[White "Semprun Martinez, Fernando"]
[Black "Blohberger, Felix"]
[Result "0-1"]
[WhiteElo "2209"]
[BlackElo "2367"]
[PlyCount "44"]
[EventDate "2018.01.23"]
[EventType "swiss"]
[EventRounds "10"]
[EventCountry "GGB"]
[SourceTitle "BritBase"]
[Source "www.saund.co.uk"]
[SourceDate "2018.02.10"]
[SourceVersion "1"]
[SourceVersionDate "2018.02.10"]
[SourceQuality "1"]

1. e4 c5 2. Nf3 d6 3. d4 cxd4 4. Nxd4 Nf6 5. Nc3 a6 6. Be3 e5 7. Nb3 Be6 8. Qd2
Be7 9. f3 O-O 10. O-O-O a5 11. Bb5 Na6 12. Kb1 Nc7 13. Bb6 Qc8 14. Nxa5 Nxb5
15. Nxb5 Ra6 16. Bf2 Bxa2+ 17. Kxa2 Qc4+ 18. Kb1 Qxb5 19. Nb3 Qa4 20. Qd3 d5
21. exd5 Nxd5 22. Qxd5 Qa2+ 0-1

[Event "Tradewise Gibraltar Masters 16th"]
[Site "Gibraltar"]
[Date "2018.01.31"]
[Round "9.89"]
[White "Gara, Anita"]
[Black "Van Zyl-Rudd, Jack"]
[Result "1-0"]
[WhiteElo "2350"]
[BlackElo "2197"]
[PlyCount "73"]
[EventDate "2018.01.23"]
[EventType "swiss"]
[EventRounds "10"]
[EventCountry "GGB"]
[SourceTitle "BritBase"]
[Source "www.saund.co.uk"]
[SourceDate "2018.02.10"]
[SourceVersion "1"]
[SourceVersionDate "2018.02.10"]
[SourceQuality "1"]

1. e4 e5 2. Nf3 Nf6 3. Nc3 Nc6 4. h3 Bc5 5. Nxe5 Nxe5 6. d4 Bd6 7. dxe5 Bxe5 8.
Bd3 O-O 9. O-O d6 10. Bg5 Re8 11. Re1 Bd7 12. Nd5 h6 13. Bh4 g5 14. Bg3 Nxd5
15. exd5 Qf6 16. Bxe5 Rxe5 17. Rxe5 Qxe5 18. c3 b6 19. Qb3 Re8 20. Qc4 Bf5 21.
Bf1 Re7 22. Rd1 a5 23. Qb3 Kg7 24. Qc4 Kg8 25. b4 axb4 26. cxb4 Qe4 27. Qc3 Qc2
28. Qxc2 Bxc2 29. Rc1 Be4 30. Bc4 Re5 31. Re1 Bc2 32. Rxe5 dxe5 33. Bb5 Kf8 34.
a4 Bb3 35. Bc6 Bc4 36. Bb7 Ke8 37. a5 1-0

[Event "Tradewise Gibraltar Masters 16th"]
[Site "Gibraltar"]
[Date "2018.01.31"]
[Round "9.90"]
[White "Maloberti, David"]
[Black "Renman, Nils-Gustaf"]
[Result "1/2-1/2"]
[WhiteElo "2148"]
[BlackElo "2350"]
[PlyCount "105"]
[EventDate "2018.01.23"]
[EventType "swiss"]
[EventRounds "10"]
[EventCountry "GGB"]
[SourceTitle "BritBase"]
[Source "www.saund.co.uk"]
[SourceDate "2018.02.10"]
[SourceVersion "1"]
[SourceVersionDate "2018.02.10"]
[SourceQuality "1"]

1. d4 d5 2. c4 c6 3. Nf3 Nf6 4. e3 e6 5. Bd3 dxc4 6. Bxc4 Nbd7 7. O-O Bd6 8.
Nc3 b5 9. Bb3 b4 10. Nb1 Bb7 11. Nbd2 c5 12. Nc4 Bc7 13. a3 bxa3 14. bxa3 O-O
15. Bb2 Rb8 16. Rb1 Qe7 17. Bc2 Rfd8 18. Qe2 cxd4 19. exd4 Nd5 20. g3 Ba6 21.
Bd3 Bxc4 22. Bxc4 N7b6 23. Bb5 Bd6 24. Ne5 Bxe5 25. dxe5 Rdc8 26. Rfc1 g6 27.
h4 h5 28. Qd3 Rxc1+ 29. Rxc1 Nc7 30. Bc6 Ncd5 31. Rc2 Rc8 32. Bd4 Qd8 33. Bb7
Rb8 34. Bc6 Rc8 35. Bb7 Rc7 36. Bxb6 axb6 37. Rxc7 Qxc7 38. Bxd5 exd5 39. Qxd5
Qc1+ 40. Kg2 Qxa3 41. Qd8+ Kg7 42. Qf6+ Kg8 43. e6 Qa8+ 44. Kg1 Qe8 45. e7 b5
46. Kf1 b4 47. Ke2 b3 48. Qd6 Qb5+ 49. Kd2 b2 50. Qd8+ Kg7 51. e8=Q Qxe8 52.
Qxe8 b1=Q 53. Qe5+ 1/2-1/2

[Event "Tradewise Gibraltar Masters 16th"]
[Site "Gibraltar"]
[Date "2018.01.31"]
[Round "9.92"]
[White "Horvath, Dominik"]
[Black "Guthrie, David"]
[Result "1-0"]
[WhiteElo "2329"]
[BlackElo "2181"]
[PlyCount "73"]
[EventDate "2018.01.23"]
[EventType "swiss"]
[EventRounds "10"]
[EventCountry "GGB"]
[SourceTitle "BritBase"]
[Source "www.saund.co.uk"]
[SourceDate "2018.02.10"]
[SourceVersion "1"]
[SourceVersionDate "2018.02.10"]
[SourceQuality "1"]

1. c4 Nf6 2. Nf3 g6 3. Nc3 Bg7 4. e4 d6 5. d4 O-O 6. Be2 e5 7. O-O Nc6 8. dxe5
dxe5 9. Bg5 Qxd1 10. Rfxd1 Bg4 11. h3 Bxf3 12. Bxf3 Nd4 13. Nd5 Nxd5 14. cxd5
c6 15. dxc6 bxc6 16. Rac1 Rfb8 17. Rd2 a5 18. Be3 Ra6 19. Rc5 a4 20. Bd1 a3 21.
b3 Rb5 22. Rc4 c5 23. Rc1 Ra8 24. Be2 Rba5 25. Bc4 Rd8 26. Bd5 Bf8 27. Kh1 Kg7
28. f4 Bd6 29. fxe5 Bxe5 30. b4 Ra4 31. bxc5 f5 32. Rcd1 Nb5 33. Bc6 Rb8 34.
Rd5 f4 35. Bf2 Bf6 36. e5 Be7 37. Rb1 1-0